00505nam a2200133Ia 4500008004100000020002200041100003400063245008900097260005900186300004600245500004100291650002600332650001300358200226s9999 xx 000 0 und d a978-621-409-152-2 aDisimulacion, Maria Arlene T. cMaria Arlene Tuazon-Disimulacion.--aMacro perspectives of tourism and hospitality / aMandaluyong City :bBooks Atbp. Publishing Corp.c2019 axii , 274 pages :billustration ;c25 cm. aIncludes bibliographical references. aHospitality industry. aTourism.